000 00628nam a2200205Ia 4500
003 OSt
005 20230627094232.0
008 210423s9999 xx 000 0 und d
040 _cAL
041 _aeng
082 _a323
_223
_bMATW
100 _aMATHEW (P D)
_9113245
245 _aWorkmans right for compensation for accidents and occupational diseases
260 _bIndian Social Institute
_aBengaluru
_c2021
365 _cINR
650 _aCivil & Political Rights
_9113246
650 _aPolitical Science
_9113247
906 _aaccidents ; compensation ; diseases ; occupational ; right ; Workmans
942 _2ddc
_cBK
999 _c173050
_d173050